Vista normal Vista MARC

Entrada Topical Term

Número de registros utilizados en: 1

001 - CONTROL NUMBER

  • control field: 39041

003 - CONTROL NUMBER IDENTIFIER

  • control field: OSt

005 - DATE AND TIME OF LATEST TRANSACTION

  • control field: 20210804113132.0

008 - FIXED-LENGTH DATA ELEMENTS

  • fixed length control field: 210804|| aca||aabn | a|a d

040 ## - CATALOGING SOURCE

  • Original cataloging agency: OSt
  • Transcribing agency: OSt

150 ## - HEADING--TOPICAL TERM

  • Topical term or geographic name entry element: Crisis financiera
  • General subdivision: Historia

670 ## - SOURCE DATA FOUND

  • Source citation: Work cat.: (OSt)8240: Théret, Bruno, 16720 director, La moneda develada por sus crisis /, 2013